Sagrada Biblia : (Record no. 45816)
[ view plain ]
| 000 -CABECERA | |
|---|---|
| campo de control de longitud fija | 00775nam a2200205 a 4500 |
| 001 - NÚMERO DE CONTROL | |
| campo de control | 000046327 |
| 005 - FECHA Y HORA DE LA ÚLTIMA TRANSACCIÓN | |
| campo de control | 20201002052806.0 |
| 008 - DATOS DE LONGITUD FIJA--INFORMACIÓN GENERAL | |
| campo de control de longitud fija | 150723s2009 sp abc 000 0 spa d |
| 020 ## - NÚMERO INTERNACIONAL ESTÁNDAR DEL LIBRO | |
| Número Internacional Estándar del Libro | 9788449438653 |
| 040 ## - FUENTE DE LA CATALOGACIÓN | |
| Centro catalogador/agencia de origen | DO-SdBNP |
| Lengua de catalogación | spa |
| Centro/agencia transcriptor | BNPHU |
| 245 00 - MENCIÓN DE TÍTULO | |
| Título | Sagrada Biblia : |
| Resto del título | ilustrada a todo color / |
| Mención de responsabilidad, etc. | textos Félix Torres Amant ; traducción P. Petisco ; prólogo Luis Serrallach. |
| 260 ## - PUBLICACIÓN, DISTRIBUCIÓN, ETC. | |
| Lugar de publicación, distribución, etc. | Barcelona, : |
| Nombre del editor, distribuidor, etc. | Grupo Oceano, |
| Fecha de publicación, distribución, etc. | 2009. |
| 300 ## - DESCRIPCIÓN FÍSICA | |
| Extensión | 1535 p. : |
| Otras características físicas | il., mapas, retrato. ; |
| Dimensiones | 29 cm. |
| 500 ## - NOTA GENERAL | |
| Nota general | Incluye índice completo de los libros de la bíblia. |
| 500 ## - NOTA GENERAL | |
| Nota general | Incluye ministerío de Jesús |
| 500 ## - NOTA GENERAL | |
| Nota general | Incluye milagros de Jesús |
| 700 12 - PUNTO DE ACCESO ADICIONAL--NOMBRE DE PERSONA | |
| Nombre de persona | Torres Amant, Félix |
| Término indicativo de función/relación | textos |
| 9 (RLIN) | 74347 |
| 700 12 - PUNTO DE ACCESO ADICIONAL--NOMBRE DE PERSONA | |
| Nombre de persona | Petisco, P. |
| Término indicativo de función/relación | trad. |
| 9 (RLIN) | 74348 |
| 700 12 - PUNTO DE ACCESO ADICIONAL--NOMBRE DE PERSONA | |
| Nombre de persona | Serrallach, Luis |
| Término indicativo de función/relación | prol. |
| 9 (RLIN) | 74349 |
| Estado de retiro | Estado de pérdida | Restricciones de uso | No para préstamo | Código de colección | Localización permanente | Ubicación/localización actual | Ubicación en estantería | Fecha de adquisición | Número de inventario | Total de préstamos | Signatura topográfica completa | Código de barras | Fecha visto por última vez | Precio válido a partir de | Tipo de ítem Koha |
|---|---|---|---|---|---|---|---|---|---|---|---|---|---|---|---|
| Excluido de préstamo | Monografías: Libros y Folletos | General | General | Depósito | 23.07.2015 | LF1 | 46327-10 | 25.06.2020 | 25.06.2020 | No se presta |
